Yleistietoa Suomeksi - Statistics

Yleistilastot
  • Tätä visaa on pelattu 1 029 kertaa
  • Keskiarvotulos 5 / 16
Vastaustilastot
Hint Vastaus % Oikein
Mikä eläin levittää borrelioosia? Punkki
80%
Monessako elokuvassa Pierce Brosnan näytteli James Bondia? 4
77%
Mihin maahan rakennettiin maailman ensimmäinen ydinvoimala? Venäjä
66%
Minkä automerkin malli on Fabia? Skoda
59%
Minä vuonna Elvis Presley kuoli? 1977
54%
Mikä on Burundin tärkein vientituote? Kahvi
33%
Mikä on suurin numero ruletissa? 36
30%
Minkä muotoinen on tondo-maalaus? Pyöreä
26%
Mikä on kreikkalaisten aakkosten viides kirjain? Epsilon
22%
Minkä yhtyeen hittikappaleita on Bad Moon Rising? CCR
18%
Kuka tunnettiin myös nimellä Rautakansleri? Otto von Bismarck
18%
Mikä eläin on sterletti? Kala
17%
Mikä on aubergiinin tunnetumpi nimi? Munakoiso
16%
Kuka filosofi kirjoitti teoksen Metafysiikka? Aristoteles
13%
Missä päin ihmiskehoa sijaitsee McBurneyn piste? Vatsa
13%
Mikä on pertussis-taudin kansanomaisempi nimi? Hinkuyskä
6%
Ehtoja vastaavia visoja ei löytynyt
Tulosjakauma
Jokaisen tuloksen saaneiden osuus
Persentiili vastausten määrän mukaan
Tuloshistoriasi
Et ole pelannut tätä visaa